000 00400pam a2200157a 44500
008 230515b1988 xxu||||| |||| 00| 0 eng d
020 _aNULL
041 _aENGL
082 _a330 DES
100 _a"DESAI S.M.,"
245 _aBHARATATIL AOUDYOGIK ARTHVYAVASTHA (MARATHI)
250 _a0
260 _aPUNE
_bNIRALI PRAKASHAN
_c1988
300 _aNULL
650 _a"ECONOMICS,INDUSTRIAL ECONOMICS"
999 _c536910
_d536910